Zpracování a obhajoba bakalářské a diplomové práce /

Hlavní autor: Liška, Václav, 1960-
Jazyk: Čeština
Vydáno: Praha : Professional Publishing, 2010
Vydání: 2. vyd.
Témata:
Externí odkaz: Digitalizovaný dokument
Fyzický popis: 93 s. : il. ; 21 cm
Knihy
Uloženo v:
LEADER 01386nam a2200397 a 4500
001 nkc20102104465
003 CZ PrNK
005 20120119092433.0
007 ta
008 100503s2010 xr a e f 000 0 cze
015 |a cnb002104465 
020 |a 978-80-7431-021-8  |q (brož.) 
035 |a (OCoLC)664091392 
040 |a BOA001  |b cze 
072 7 |a 378  |x Vysoké školy  |2 Konspekt  |9 22 
080 |a 378.22  |2 MRF 
080 |a 378.2  |2 MRF 
080 |a (072)  |2 MRF 
100 1 |a Liška, Václav,  |d 1960-  |7 ntka173243  |4 aut 
245 1 0 |a Zpracování a obhajoba bakalářské a diplomové práce /  |c Václav Liška 
250 |a 2. vyd. 
260 |a Praha :  |b Professional Publishing,  |c 2010 
300 |a 93 s. :  |b il. ;  |c 21 cm 
504 |a Obsahuje bibliografii 
650 0 7 |a bakalářské práce  |7 ph114112  |2 czenas 
650 0 7 |a diplomové práce  |7 ph114327  |2 czenas 
650 0 9 |a bachelor's theses  |2 eczenas 
650 0 9 |a master's theses  |2 eczenas 
655 7 |a metodické příručky  |7 fd132826  |2 czenas 
655 9 |a methodological manuals  |2 eczenas 
856 4 1 |u http://www.digitalniknihovna.cz/mzk/uuid/uuid:75400db0-45c7-11e7-aac4-005056827e51  |y Digitalizovaný dokument  |x NDK 
910 2 |a BOA001  |b 2-1245.914 
990 |a BK 
995 |a 01 
991 |b 201007  |c NOV  |e n 
996 6 |b 2610443505  |c 2-1245.914  |l MZK  |r Sklad / do 1 hodiny  |n 14  |p p.v.  |w 001132914  |u 000010  |a 1  |e BOA001  |j MZK50  |s P